Library Logo

Pioneer International University Library Catalogue

PINGU (Record no. 9600)

MARC details
000 -LEADER
fixed length control field 00405nam a22001457a 4500
003 - CONTROL NUMBER IDENTIFIER
control field OSt
005 - DATE AND TIME OF LATEST TRANSACTION
control field 20251014103855.0
008 - FIXED-LENGTH DATA ELEMENTS--GENERAL INFORMATION
fixed length control field 251014b |||||||| |||| 00| 0 eng d
020 ## - INTERNATIONAL STANDARD BOOK NUMBER
International Standard Book Number 9966226982
040 ## - CATALOGING SOURCE
Transcribing agency THE JOMO KENYATTA FOUNDATION
050 ## - LIBRARY OF CONGRESS CALL NUMBER
Classification number PZ 7 .W33 2008
245 ## - TITLE STATEMENT
Title PINGU
Statement of responsibility, etc. SIMON M. WACHIRA
260 ## - PUBLICATION, DISTRIBUTION, ETC.
Place of publication, distribution, etc. ENTERPRISE ROAD INDUSTRIAL AREA
Name of publisher, distributor, etc. THE JOMO KENYATTA FOUNDATION
Date of publication, distribution, etc. 2008
942 ## - ADDED ENTRY ELEMENTS (KOHA)
Source of classification or shelving scheme Library of Congress Classification
Koha item type Books
Suppress in OPAC No

No items available.